Movies Quiz

Random Movies or Director Quiz

3 Flops, 1 Director Quiz Stats

 Plays Quiz not verified by Sporcle

Challenge
Share
Tweet
Embed
Score 0/24 Timer 06:00
2 Plays Today
% Correct
Joel Coen
78.7%
Oliver Stone
78.5%
Martin Scorsese
78.2%
The Farrelly Brothers
73.4%
The Wachowski Siblings
66.7%
Gus Van Sant
66.2%
Brian De Palma
65.1%
Woody Allen
63.9%
Francis Ford Coppola
63.3%
Ron Howard
60.5%
John Landis
56.6%
Tony Scott
53.3%
% Correct
Wes Craven
52.4%
Ridley Scott
51.3%
Kathryn Bigelow
48.9%
Uwe Boll
47.9%
Rob Reiner
46.3%
Barry Levinson
44.7%
Nora Ephron
44.1%
Werner Herzog
42.7%
William Friedkin
41.4%
John Frankenheimer
39.7%
Stephen Frears
33.2%
Joel Schumacher
29.3%

You're not logged in!

Compare scores with friends on all Sporcle quizzes.
OR
Log In

You Might Also Like...

Show Comments

Extras

Top Quizzes Today


Score Distribution

Your Account Isn't Verified!

In order to create a playlist on Sporcle, you need to verify the email address you used during registration. Go to your Sporcle Settings to finish the process.

Report this User

Report this user for behavior that violates our Community Guidelines.

Details: